|
|
|
|
| LEADER |
00000nam a2200000 i 4500 |
| 001 |
1/88392 |
| 008 |
990824s1995 eng d |
| 020 |
|
|
|a 0-275-95122-7
|
| 035 |
|
|
|l 10052525
|
| 040 |
|
|
|a GR-MY-UA
|b gre
|e aacr
|
| 041 |
0 |
|
|a eng
|
| 082 |
0 |
|
|a 337
|
| 100 |
1 |
|
|a Smith, David A.
|q (David Alden)
|d 1956-
|
| 245 |
1 |
2 |
|a A new world order? :
|b global transformations in the late twentieth century /
|c Edited by David A. Smith and Josef Borocz
|
| 260 |
|
|
|a London :
|b Praeger,
|c c1995
|
| 300 |
|
|
|a 253 p.
|
| 500 |
|
|
|a "The chapters of this volume were selected from conference papers presented at the 1994 Political Economy of the World-System Annual Conference in April at Irvine, California"- Introd.
|
| 504 |
|
|
|a Includes bibliographical references and index
|
| 650 |
0 |
0 |
|a International economic relations
|x Congresses.
|
| 650 |
0 |
0 |
|a Economic history
|y 20th century
|x Congresses.
|
| 700 |
1 |
|
|a Borocz, Jozsef.
|
| 852 |
|
|
|a INST
|b LESVOS
|e 19990824
|h 337 NEW
|p 005100019764
|q 005100019764
|t BK
|y 0
|
| 901 |
|
|
|a BIBL1-1999-2
|
| 909 |
|
|
|a Λ
|b 063516
|
| 922 |
|
|
|a 1ΕΛΗ
|b 199901
|c ΚΠΣ/ΤΓ
|d LEADER
|
| 950 |
|
|
|a 118-1998-10-19
|
| 970 |
|
|
|a ΜΟΥΣΤΑΚΑ
|b ΠΗΝΕΛΟΠΗ
|z 1999/09/01
|